Statistics for Countries by Largest Library

Click here to take the quiz!

General Stats

  • This quiz has been taken 70 times
  • The average score is 9 of 10

Answer Stats

LibraryCatalogued Size (in millions)Country% Correct
Bibliothèque nationale de France40France
98%
British Library170-200United Kingdom
98%
Library of Congress170+United States
98%
Shanghai Library56China
94%
German National Library36.1Germany
94%
National Diet Library44.1Japan
92%
Russian State Library47.5Russia
92%
Library and Archives Canada54Canada
88%
Biblioteca Nacional de España33.1Spain
81%
Royal Library42.5Denmark
33%

Score Distribution

Percentile by Number Answered

Percent of People with Each Score

Your Score History

You have not taken this quiz